000 00507nam a2200181Ia 4500
999 _c32371
_d32371
003 OSt
005 20200805093751.0
008 190216s9999||||xx |||||||||||||| ||und||
020 _a9788131509012
040 _coclc
082 _a519.2
_bWIN/P
100 _aWinston, Wayne L
_93960
245 0 _aProbability Models /
_cWayne L Winston
260 _bCengage Learning,
_c2008.
_aNew Delhi:
300 _a656p
650 _aMathematics
942 _cBK
_2ddc
_h519.2
_iWIN/P
_k519.2
_mWIN/P